Porovnanie nákladnosti prevádzky energetických zariadení v rodinnom dome

Saved in:
Bibliographic Details
Main Author: Hassel, Robert (Author)
Other Authors: Farkas Smitková, Miroslava (Thesis advisor)
Format: Manuscript Book
Language:Slovak
Published: 2015
Subjects:
Online Access:http://is.stuba.sk/zp/portal_zp.pl?podrobnosti=88929
Tags: Add Tag
No Tags, Be the first to tag this record!

MARC

LEADER 00000ntm a22000003a 4500
001 stuzp41128
003 SK-STU
005 20160719153011.2
007 ta
008 150427s2015----xo-----f-mn---000-0-slo-d
040 |a STU  |b slo 
041 0 |a slo 
100 1 |a Hassel, Robert  |u 032000  |4 aut  |U FEI Fakulta elektrotechniky a informatiky  |T FEI Ústav elektroenergetiky a aplikovanej elektrotechniky  |X 9014  |U E020  |Y 548  |7 9014 
242 0 1 |a Comparison of high cost of energy equipment in family house  |y eng 
245 1 0 |a Porovnanie nákladnosti prevádzky energetických zariadení v rodinnom dome 
260 |c 2015 
300 |a 40 s. 
650 4 |a obnovitelné zdroje  |2 slo 
650 4 |a elektrická energia  |2 slo 
650 4 |a rodinný dom  |2 slo 
650 4 |a tepelné čerpadlo  |2 slo 
650 4 |a renewable resources  |2 eng 
650 4 |a family house  |2 eng 
650 4 |a heat pump  |2 eng 
650 4 |a electric energy  |2 eng 
700 1 |a Farkas Smitková, Miroslava  |4 ths  |X 42529  |7 A000042529 
856 4 |u http://is.stuba.sk/zp/portal_zp.pl?podrobnosti=88929 
996 |b 284ER01734  |c E*Bc- 1734  |l EE32  |s P  |a 0  |w stuzp41128_0001 
SQL |a stuzp41128  |b DBP  |c SLO  |d Porovnanie nákladnosti prevádzky energetických zariadení v rodinnom dome  |e 9014  |f Hassel, Robert  |g 032000  |h 42529  |i Farkas Smitková, Miroslava  |j 20150709  |k 76  |l 03  |m http://is.stuba.sk/zp/portal_zp.pl?podrobnosti=88929  |n B-ELT  |o 5.2.9. elektrotechnika